000 02571nam a22002657a 4500
003 GR-AtMCL
005 20260122150130.0
006 a|||||r|||||||||||
008 s19822023gr |||g 000 gre d
020 _a9789602751817
040 _aGR-AtMCL
_bgre
_cGRAtEVE
_dGR-AtMCL
_eAACR2
041 1 _heng
100 _aBuscaglia, Leo F.
_910282
245 1 0 _aΝα ζεις, ν' αγαπάς και να μαθαίνεις :
_bΨυχολογία καθημερινής συμπεριφοράς /
_cΛέο Μπουσκάλια ; μετάφραση Μαρίνα Λώμη
260 _aΑθήνα :
_bΓλάρος,
_c1982
300 _a303 σ. ;
_c21 εκ.
490 1 _aΑνθρωπιστικές επιστήμες ;
_v19
500 _aΤίτλος πρωτοτύπου : Living, loving and learning
520 _aΤο «Να ζεις, ν' αγαπάς και να μαθαίνεις» είναι ένα από τα καλύτερα και πιο πολυδιαβασμένα βιβλία του Λέο Μπουσκάλια. Είναι ένας ολόκληρος θησαυρός και μια ατέλειωτη πηγή έμπνευσης, θάρρους και αποφασιστικότητας για όλους όσους αναζητούν μια καινούρια διάσταση στην προσωπικότητά τους και στη ζωή τους μέσα από τους δρόμους της κατανόησης και της αγάπης. Καθηγητής της παιδαγωγικής στο Πανεπιστήμιο της Νότιας Καλιφόρνιας, ψυχολόγος και συναρπαστικός ομιλητής, ο Μπουσκάλια σε καθηλώνει και σε μεταμορφώνει με τα βιβλία του, που όλα σχεδόν πηγάζουν από ομιλίες, διαλέξεις και ελεύθερες συζητήσεις μέσα και έξω από τις πανεπιστημιακές αίθουσες, «φωνάζει, μιμείται, γελά, δακρύζει και κλαίει», γράφει ένας σχολιαστής και συμπληρώνει: «Το να παρακολουθείς τον Μπουσκάλια να μιλά είναι σα να κουβεντιάζεις μ' έναν παλιό φίλο πάνω σ' ένα κοινό και ποθητό θέμα».
650 0 _aΨυχολογία
_99898
653 _aΛογοτεχνία
830 0 _aΑνθρωπιστικές επιστήμες ;
_v19
942 _cBK
999 _c10074
_d10074